00961 2200313 4500001002100000005001500021035002000036007000300056008004100059020002200100082001500122084001700137100002700154245010300181250001800284300004600302650002400348700003500372700003000407264004200437336002100479337003000500338002300530040002200553090002000575850001200595990002000607990002000627INLIS00000000087475920221012031113 a0010-1022000202ta221006b2020 yoia b | ind d a978-623-92873-2-004223a297.18 a297.18 ALI b0 aAli MuakhirePengarang10aBayi yang bisa berbicara /cAli Muakhir; penyunting, Safitri Lusiana D.; ilustrator, Aris Prasetyo aKish Ululazmi a23 halaman :bilustrasi berwarna ;c18 cm 4aCerita-cerita Islam0 aSafitri Lusiana D.ePenyunting0 aAris PrasetyoeIlustrator31aBandung :bSygma Media Inovasi,c2020 2rdacontentateks 2rdamediaatanpa perantara 2rdacarrieravolume aYOPDYOGbinderda aPK 297.18 ALI b aYOPDYOG a69209-PD/A.2022 a69210-PD/A.2022